Statistics for Guess the Phoebe bridgers song with no hints #4

Click here to take the quiz!

General Stats

  • This quiz has been taken 92 times
  • The average score is 181 of 228

Answer Stats

Answer% Correct
a
100%
i
100%
you
97%
the
96%
an
95%
and
92%
me
91%
to
91%
so
88%
we
88%
what
88%
it
87%
my
87%
do
86%
he
84%
no
84%
she
84%
if
83%
of
82%
that
82%
for
81%
go
81%
i'm
81%
know
81%
want
81%
want)
81%
her
79%
they
79%
would
79%
at
78%
not
78%
anything
77%
could
77%
moon
77%
on
77%
or
77%
this
77%
up
77%
wants
77%
was
77%
but
75%
whatever
75%
(whatever
75%
danger
74%
don't
74%
herself
74%
it's
74%
longer
74%
others
74%
our
74%
down
73%
made
73%
mind
73%
said
73%
shoes
73%
stare
73%
come
71%
get
71%
knew
71%
laced
71%
left
71%
she's
71%
elvis
70%
going
70%
hall
70%
knows
70%
memphis
70%
through
70%
yelled
70%
answered
69%
asking
69%
ate
69%
cheeks
69%
direction
69%
floor
69%
home
69%
moment
69%
nobody
69%
saltines
69%
songs
69%
true
69%
without
69%
chew
68%
excuse
68%
gonna
68%
ninety
68%
outside
68%
picks
68%
sleeve
68%
spent
68%
thinking
68%
will
68%
winds
68%
wonders
68%
lived
66%
clue
65%
doesn't
65%
predictably
65%
serotonin
65%
intrude
64%
music
64%
turns
64%
rebel
62%
thoughts
62%
believes
61%
she'll
30%
waled
6%

Score Distribution

Percentile by Number Answered

Percent of People with Each Score

Your Score History

You have not taken this quiz